| 000 | 00934nam a22002057a 4500 | ||
|---|---|---|---|
| 999 |
_c6036 _d6036 |
||
| 003 | AR-CdUCM | ||
| 008 | 190313b ||||| |||| 00| 0 spa d | ||
| 040 |
_aMUNICIPALIDAD PROVINCIAL DEL CUSCO _cBIBLIOTECA MUNICIPAL DEL CUSCO |
||
| 082 |
_a353.52 / _bV2A |
||
| 100 |
_aValle, M. M. _917621 |
||
| 245 |
_aRestauración de las Cuatro Divisiones Políticas del Perú: Región Amazónica, Costeña, Andina Templada y Andina de Puna : _bOficinas Regionales: Posibilidad y Utilidad / El problema de la Inmigración con Relación al Clima |
||
| 260 |
_aLima : _bLumen _c1948. |
||
| 300 |
_a23 páginas ; _c25 cm. |
||
| 505 | _aContenido: Lineas isotérmicas en el Perú -- Cuatro divisiones políticas -- Peligro del regionalismo ecológico ... | ||
| 650 |
_aProblema de la inmigración _917622 |
||
| 650 |
_aDivisión política del Perú _917623 |
||
| 650 |
_aRegionalismo ecológico _917624 |
||
| 942 |
_2ddc _cLIBROS |
||
| 945 | _aAndy | ||